| 000 | 00978nam a2200313Ia 4500 | ||
|---|---|---|---|
| 003 | OSt | ||
| 005 | 20220927110036.0 | ||
| 006 | a|||||r|||| 00| 0 | ||
| 007 | ta | ||
| 008 | 220926b |||||||| |||| 00| 0 eng d | ||
| 020 | _a90 279 7521 3 | ||
| 024 | _a121092 | ||
| 037 | _cReference Collections | ||
| 040 |
_aRTL _cRTL _beng |
||
| 041 |
_2eng _aeng |
||
| 082 | _a"T:5p1.N73, L4" | ||
| 100 |
_aCrombag Hans F. Ed. _9375877 |
||
| 111 |
_aInternational Symposium on Educational Testing (1973 : Netherland) _9375878 |
||
| 245 | 0 |
_aProceedings _b Contemporary issues in educational t |
|
| 260 |
_aHague _bMouton _c1974 |
||
| 300 |
_a344p. _ccm. |
||
| 490 | _aPsychological Studies | ||
| 500 | _aAppendix p.297-335 | ||
| 650 | _a Education | ||
| 650 | _aEducational Measurement | ||
| 700 |
_a Gruijter Dato N. Ed. _9375879 |
||
| 942 |
_h"T:5p1.N73, L4" _cCC |
||
| 999 |
_c695354 _d695354 |
||